Online
Catalog

Luna de plata / (Record no. 350)

MARC details
000 -CABECERA
campo de control de longitud fija 01308nam a2200241 a 4500
001 - NÚMERO DE CONTROL
campo de control 000000351
005 - FECHA Y HORA DE LA ÚLTIMA TRANSACCIÓN
campo de control 20240305141038.0
008 - DATOS DE LONGITUD FIJA--INFORMACIÓN GENERAL
campo de control de longitud fija 081204s2007 dr a 000 0 spa d
020 ## - NÚMERO INTERNACIONAL ESTÁNDAR DEL LIBRO
Número Internacional Estándar del Libro 9789993456117
040 ## - FUENTE DE LA CATALOGACIÓN
Centro catalogador/agencia de origen DO-SdBNP
Lengua de catalogación spa
Centro/agencia transcriptor BNPHU
082 ## - NÚMERO DE LA CLASIFICACIÓN DECIMAL DEWEY
Número de clasificación RD861.5
Número de documento/Ítem G146L
100 1# - ENTRADA PRINCIPAL--NOMBRE DE PERSONA
Nombre de persona Galán, Bismar,
Fechas asociadas al nombre 1961-
9 (RLIN) 1490
245 10 - MENCIÓN DE TÍTULO
Título Luna de plata /
Mención de responsabilidad, etc. Bismar Galán.
260 ## - PUBLICACIÓN, DISTRIBUCIÓN, ETC.
Lugar de publicación, distribución, etc. Santo Domingo :
Nombre del editor, distribuidor, etc. Norma,
Fecha de publicación, distribución, etc. 2007.
300 ## - DESCRIPCIÓN FÍSICA
Extensión 44 p. :
Otras características físicas il. ;
Dimensiones 19 cm.
490 1# - MENCIÓN DE SERIE
Mención de serie Torre de papel naranja
500 ## - NOTA GENERAL
Nota general Incluye datos biográficos del autor
505 0# - NOTA DE CONTENIDO CON FORMATO
Título Dedicatoria --
-- Abuelo dime por qué --
-- Nido --
-- Dice abuela --
-- Coqueta --
-- En la ventana --
-- Dibujo --
-- Piloto --
-- Juego de noche --
-- Primavera --
-- La lluvia --
-- Música --
-- Danza --
-- Alegría --
-- Arcoiris --
-- Cuando la lluvia se esconde --
-- Daniela quiere saber --
-- Hermanito, dilo tú --
-- Mariposa --
-- Conversación --
-- Payaso --
-- Visita --
-- Ronda --
-- Bola de cristal --
-- Hay un conejo en la luna --
-- Hojas-peces --
-- Libertad --
-- Ángeles --
-- Allá, donde el sol se duerme --
-- Papalote --
-- Humo --
-- Sueño --
-- Escarabajo --
-- Manzanas de oro --
-- Abuelo va a regresar.
650 #4 - PUNTO DE ACCESO ADICIONAL DE MATERIA--TÉRMINO DE MATERIA
Término de materia o nombre geográfico como elemento de entrada Poesía infantil dominicana
9 (RLIN) 1187
650 #4 - PUNTO DE ACCESO ADICIONAL DE MATERIA--TÉRMINO DE MATERIA
Término de materia o nombre geográfico como elemento de entrada Literaturainfantil dominicana
9 (RLIN) 1188
830 #0 - PUNTO DE ACCESO ADICIONAL DE SERIE-TÍTULO UNIFORME
Título uniforme Torre de papel naranja
9 (RLIN) 1189
910 ## - DATOS DE OPCIÓN DEL USUARIO (OCLC)
Datos de opción del usuario Validado. Control de calidad MFF
Holdings
Estado de retiro Estado de pérdida No para préstamo Código de colección Localización permanente Ubicación/localización actual Ubicación en estantería Fecha de adquisición Número de inventario Total de préstamos Signatura topográfica completa Código de barras Fecha visto por última vez Precio válido a partir de Tipo de ítem Koha Número de copia
    Préstamo restrigido Patrimonio Dominicano Biblioteca Nacional Pedro Henríquez Ureña Biblioteca Nacional Pedro Henríquez Ureña Depósito 15.07.2009 LF1   RD861.5 G146L 351-10 25.06.2020 25.06.2020 Libros y folletos  
    Préstamo restrigido Patrimonio Dominicano Biblioteca Nacional Pedro Henríquez Ureña Biblioteca Nacional Pedro Henríquez Ureña Depósito 15.07.2009 LF1   RD861.5 G146L 351-20 25.06.2020 25.06.2020 Libros y folletos e. 2

Powered by Koha